[Event "Rated Blitz game"]
[Site "?"]
[Date "2021.05.16"]
[Round "?"]
[White "AlexS1993"]
[Black "greenbubbl_e"]
[Result "1-0"]
[WhiteElo "2596"]
[BlackElo "2765"]
[PlyCount "75"]
[EventDate "2021.??.??"]
[EventType "blitz"]

1. e4 e5 2. Nf3 d5 3. d4 exd4 4. Qxd4 Nf6 5. exd5 Qxd5 6. Nc3 Qxd4 7. Nxd4 Bc5
8. Ndb5 Na6 9. Bf4 Bd7 10. Bd3 O-O-O 11. O-O Nh5 12. Be3 Bxe3 13. fxe3 Nf6 14.
Nxa7+ Kb8 15. Nab5 Nb4 16. Nd4 c5 17. Nf5 Nxd3 18. cxd3 Bxf5 19. Rxf5 Rxd3 20.
Rxc5 Rxe3 21. Rd1 Rc8 22. Rg5 g6 23. h3 Ne4 24. Nxe4 Rxe4 25. Rd2 Re7 26. Kf2
h5 27. Rgd5 Rc6 28. Kg3 Ka7 29. Kh4 Rc4+ 30. Kg5 Kb6 31. Kf6 Rec7 32. b3 R4c6+
33. Kg7 h4 34. Rd6 g5 35. Kf6 Kc5 36. Rxc6+ Rxc6+ 37. Kxf7 Rg6 38. Kxg6 {Normal
} 1-0

[Event "Rated Blitz game"]
[Site "?"]
[Date "2021.05.16"]
[Round "?"]
[White "SilentAndCalm"]
[Black "filolog"]
[Result "1-0"]
[WhiteElo "2623"]
[BlackElo "2677"]
[PlyCount "122"]
[EventDate "2021.??.??"]
[EventType "blitz"]

1. e4 e5 2. Nf3 d5 3. exd5 e4 4. Qe2 Qe7 5. Nd4 Qe5 6. Nb5 Bd6 7. d4 exd3 8.
Qxe5+ Bxe5 9. Bxd3 a6 10. f4 Bd6 11. Nxd6+ cxd6 12. Nd2 Ne7 13. c4 O-O 14. O-O
Bf5 15. Bxf5 Nxf5 16. Nf3 Nd7 17. g4 Ne7 18. Be3 Rfe8 19. Bd4 Rac8 20. Rac1 Ng6
21. f5 Nf4 22. Rc2 Re4 23. Re1 Rce8 24. Rxe4 Rxe4 25. Kf2 h5 26. gxh5 Nxh5 27.
Re2 Rf4 28. Re7 Nhf6 29. Bxf6 Nxf6 30. Rxb7 Rxc4 31. Rb6 Nxd5 32. Rxd6 Rc2+ 33.
Kg3 f6 34. Rxd5 Rxb2 35. Ra5 Rb6 36. h4 Kf7 37. h5 Ke7 38. Nd4 Kd6 39. Ne6 Rb7
40. Rxa6+ Ke5 41. Ra5+ Ke4 42. a4 Rd7 43. Rb5 Rd3+ 44. Kg4 Rd1 45. Rb4+ Ke5 46.
Rb3 Rf1 47. Re3+ Kd5 48. Ra3 Rg1+ 49. Kf4 Kd6 50. a5 Rf1+ 51. Ke4 Re1+ 52. Kd4
Rd1+ 53. Kc4 Rc1+ 54. Kd3 Rd1+ 55. Ke2 Rb1 56. a6 Rb8 57. a7 Ra8 58. Nxg7 Kc6
59. h6 Kb7 60. h7 Rxa7 61. Rxa7+ Kxa7 {Normal} 1-0

[Event "Rated Blitz game"]
[Site "?"]
[Date "2021.05.16"]
[Round "?"]
[White "Corre_por_tu_vida"]
[Black "greenbubbl_e"]
[Result "0-1"]
[WhiteElo "2613"]
[BlackElo "2758"]
[PlyCount "154"]
[EventDate "2021.??.??"]
[EventType "blitz"]

1. e4 e5 2. Nf3 d5 3. exd5 e4 4. Qe2 Be7 5. Qxe4 Nf6 6. Qa4+ c6 7. Be2 O-O 8.
O-O cxd5 9. c3 Nc6 10. d4 a6 11. Bf4 Bg4 12. Nbd2 Re8 13. Bd3 b5 14. Qb3 Rc8
15. Rfe1 h6 16. Ne5 Na5 17. Qc2 Be6 18. Rac1 Nc6 19. Nxc6 Rxc6 20. Nf3 Bd6 21.
Ne5 Bxe5 22. Bxe5 Nd7 23. Qd2 Nf8 24. Re3 f6 25. Bf4 Bf7 26. Rce1 Rce6 27. h3
g5 28. Bg3 Kg7 29. a4 Qd7 30. axb5 axb5 31. Rxe6 Rxe6 32. Rxe6 Nxe6 33. Qe2 b4
34. Bb5 Qb7 35. Bd3 bxc3 36. bxc3 Qc6 37. Qd2 Bg6 38. Bxg6 Kxg6 39. Qd3+ Kg7
40. f3 h5 41. Be1 h4 42. Bd2 Nc7 43. Qe2 Kf7 44. f4 gxf4 45. Qh5+ Ke6 46. Qxh4
Nb5 47. Qg4+ Kf7 48. Qh5+ Ke6 49. Qe2+ Kf7 50. Qd3 f3 51. Qxf3 Nd6 52. h4 Ne4
53. Be1 Qa6 54. h5 Qa1 55. Qe3 Qd1 56. c4 f5 57. cxd5 Qxh5 58. d6 Qd1 59. d7
Ke7 60. Kf1 Kxd7 61. Qf4 Qxd4 62. Qxf5+ Kc6 63. Qf3 Kd5 64. Qf5+ Qe5 65. Qf3
Qa1 66. Qf5+ Qe5 67. Qxe5+ Kxe5 68. Ke2 Kf4 69. Bf2 Nf6 70. Be3+ Kg4 71. Kf2
Nd5 72. Kg1 Nxe3 73. Kf2 Nf5 74. g3 Nd6 75. Kg2 Nc4 76. Kf2 Ne5 77. Kg2 Nd3 {
Normal} 0-1

[Event "Rated Blitz game"]
[Site "?"]
[Date "2021.05.16"]
[Round "?"]
[White "doreality1991"]
[Black "BigLion5555"]
[Result "0-1"]
[WhiteElo "2700"]
[BlackElo "2561"]
[PlyCount "42"]
[EventDate "2021.??.??"]
[EventType "blitz"]

1. e4 e5 2. Nf3 d5 3. d3 Nc6 4. Nc3 Nf6 5. Bg5 Be6 6. Bxf6 gxf6 7. g3 Bb4 8.
exd5 Bxd5 9. Bg2 h5 10. O-O Be6 11. Nh4 Qd7 12. Ne4 Be7 13. f4 f5 14. Ng5 exf4
15. gxf4 O-O-O 16. c3 Rdg8 17. d4 Bd5 18. Bxd5 Qxd5 19. Qb3 Qxb3 20. axb3 f6
21. Nxf5 fxg5 {Normal} 0-1

[Event "Rated Blitz game"]
[Site "?"]
[Date "2021.05.16"]
[Round "?"]
[White "MikeGScarn"]
[Black "greenbubbl_e"]
[Result "0-1"]
[WhiteElo "2837"]
[BlackElo "2733"]
[PlyCount "98"]
[EventDate "2021.??.??"]
[EventType "blitz"]

1. e4 e5 2. Nf3 d5 3. d4 dxe4 4. Nxe5 Be6 5. Nc3 Nf6 6. Bg5 Bb4 7. Bb5+ c6 8.
Ba4 Bxc3+ 9. bxc3 Qa5 10. Bb3 Qxc3+ 11. Kf1 Nbd7 12. Bxe6 fxe6 13. Nxd7 Kxd7
14. h4 h6 15. Rh3 Qc4+ 16. Kg1 hxg5 17. Rb1 b5 18. Rbb3 Qd5 19. c4 Qxc4 20.
Rhc3 Qd5 21. Rc5 Qd6 22. Rxg5 Rh7 23. Rbg3 Rg8 24. Qd2 e5 25. Rxe5 Rxh4 26. Qc3
Rgh8 27. Rxg7+ Kc8 28. Kf1 Rh1+ 29. Ke2 Nd5 30. Qa5 Nf4+ 31. Ke3 Nxg2+ 32. Rxg2
R1h3+ 33. Rg3 Rxg3+ 34. fxg3 Qh6+ 35. Kxe4 Qg6+ 36. Kf3 Rf8+ 37. Kg2 Qc2+ 38.
Kh3 Rh8+ 39. Kg4 Qd1+ 40. Kf5 Qf3+ 41. Ke6 Qg4+ 42. Kd6 Qxd4+ 43. Kxc6 Qc4+ 44.
Kd6 Rh6+ 45. Ke7 Qc7+ 46. Qxc7+ Kxc7 47. Rxb5 Kc6 48. Re5 Rg6 49. Re6+ Kd5 {
Time forfeit} 0-1

[Event "Rated Blitz game"]
[Site "?"]
[Date "2021.05.16"]
[Round "?"]
[White "deacbogdan1"]
[Black "greenbubbl_e"]
[Result "0-1"]
[WhiteElo "2870"]
[BlackElo "2750"]
[PlyCount "68"]
[EventDate "2021.??.??"]
[EventType "blitz"]

1. e4 e5 2. Nf3 d5 3. exd5 e4 4. Qe2 Be7 5. Qxe4 Nf6 6. Qa4+ c6 7. dxc6 O-O 8.
d4 Nxc6 9. Bb5 a6 10. Bxc6 bxc6 11. O-O c5 12. dxc5 Bxc5 13. Bg5 Rb8 14. b3 h6
15. Bxf6 Qxf6 16. Nbd2 Bb7 17. Rae1 Rfd8 18. Ne4 Qb6 19. Nxc5 Qxc5 20. Qf4 Qxc2
21. Ne5 Bd5 22. Qa4 Rbc8 23. Re3 Rd6 24. Rfe1 Qd2 25. h3 Rc2 26. R3e2 Qxe2 27.
Rxe2 Rxe2 28. Ng4 Be6 29. Ne3 Rdd2 30. a3 Rxf2 31. Qxa6 Bxb3 32. Qa8+ Kh7 33.
Qe4+ f5 34. Nxf5 Bc2 {Normal} 0-1

[Event "Rated Blitz tournament 6IIsNpe6"]
[Site "?"]
[Date "2021.05.16"]
[Round "?"]
[White "josefghng"]
[Black "Maltinho"]
[Result "1-0"]
[WhiteElo "2329"]
[BlackElo "2508"]
[PlyCount "41"]
[EventDate "2021.??.??"]
[EventType "blitz"]

1. e4 e5 2. Nf3 d5 3. Nxe5 Bd6 4. d4 dxe4 5. Nc3 Bxe5 6. dxe5 Qxd1+ 7. Nxd1 Nc6
8. Bf4 Nge7 9. Bb5 Bf5 10. Ne3 Bg6 11. h4 h5 12. O-O-O O-O 13. Rd7 Rac8 14.
Rhd1 Rfe8 15. e6 fxe6 16. Bxc7 Nf5 17. Bxc6 bxc6 18. Be5 Bf7 19. Rxa7 Nxh4 20.
Rdd7 Rf8 21. Bd6 {Normal} 1-0

[Event "Rated Blitz game"]
[Site "?"]
[Date "2021.05.16"]
[Round "?"]
[White "babageldi2277"]
[Black "greenbubbl_e"]
[Result "1/2-1/2"]
[WhiteElo "2723"]
[BlackElo "2722"]
[PlyCount "52"]
[EventDate "2021.??.??"]
[EventType "blitz"]

1. e4 e5 2. Nf3 d5 3. exd5 e4 4. Qe2 Be7 5. Qxe4 Nf6 6. Qa4+ c6 7. dxc6 O-O 8.
cxb7 Bxb7 9. d4 Re8 10. Be2 Nc6 11. O-O Rc8 12. Nc3 a6 13. h3 Nb4 14. Bg5 Bc6
15. Qb3 Bxf3 16. Bxf3 Qxd4 17. Rad1 Qc5 18. Bxf6 Bxf6 19. a3 Bxc3 20. bxc3 Nc6
21. Bxc6 Qxc6 22. Rd3 h6 23. Rg3 Qf6 24. Rb1 Re2 25. Rf1 Rd8 26. Rf3 Qg6 {
Normal} 1/2-1/2

[Event "Rated Blitz game"]
[Site "?"]
[Date "2021.05.15"]
[Round "?"]
[White "Fairy_ChessPlayer"]
[Black "hkn967"]
[Result "0-1"]
[WhiteElo "2354"]
[BlackElo "2472"]
[PlyCount "50"]
[EventDate "2021.??.??"]
[EventType "blitz"]

1. e4 e5 2. Nf3 d5 3. exd5 e4 4. Qe2 Nf6 5. d3 Qxd5 6. Nbd2 Nc6 7. Nxe4 Be6 8.
Nxf6+ gxf6 9. Qe4 Qxe4+ 10. dxe4 Nb4 11. Bd3 Nxd3+ 12. cxd3 O-O-O 13. Ke2 f5
14. Bg5 fxe4 15. dxe4 Bc4+ 16. Ke3 Bc5+ 17. Kf4 f6 18. Bh4 Bd6+ 19. Kf5 Rde8
20. Rac1 Be6+ 21. Kxf6 Rhf8+ 22. Kg7 Rg8+ 23. Kxh7 Rh8+ 24. Kg7 Reg8+ 25. Kf6
Rh6# {Normal} 0-1

[Event "Rated Blitz game"]
[Site "?"]
[Date "2021.05.15"]
[Round "?"]
[White "Pawnstructures"]
[Black "khalid_ontawar"]
[Result "1-0"]
[WhiteElo "2280"]
[BlackElo "2402"]
[PlyCount "85"]
[EventDate "2021.??.??"]
[EventType "blitz"]

1. e4 e5 2. Nf3 d5 3. Nc3 dxe4 4. Nxe4 f5 5. Nxe5 Qe7 6. Qh5+ g6 7. Nxg6 hxg6
8. Qxh8 Qxe4+ 9. Kd1 Ne7 10. d3 Qe6 11. h4 b6 12. h5 gxh5 13. Qxh5+ Qf7 14. Qh3
Nbc6 15. Be2 Bb7 16. Bh5 Ng6 17. Qg3 Nce7 18. Qxc7 Qd5 19. Re1 Qxg2 20. Bxg6+
Qxg6 21. Qxb7 Rd8 22. Be3 Rd7 23. Qa8+ Kf7 24. Qf3 Bg7 25. d4 Nd5 26. c3 Qc6
27. Bf4 Nxc3+ 28. Qxc3 Rxd4+ 29. Bd2 Qd6 30. Re2 Bh6 31. Kc2 Qd5 32. b3 Bg7 33.
Rg1 Bf6 34. Rg3 b5 35. Rd3 Rxd3 36. Qxd3 Qc5+ 37. Kd1 Qc6 38. Re3 Qh1+ 39. Ke2
Qh5+ 40. Rf3 f4 41. Bxf4 Qg6 42. Qe4 Qxe4+ 43. Be3 {Time forfeit} 1-0

[Event "Rated Blitz game"]
[Site "?"]
[Date "2021.05.15"]
[Round "?"]
[White "Markiz02"]
[Black "Gifroy"]
[Result "1-0"]
[WhiteElo "2425"]
[BlackElo "2406"]
[PlyCount "37"]
[EventDate "2021.??.??"]
[EventType "blitz"]

1. e4 e5 2. Nf3 d5 3. Bc4 dxc4 4. d4 cxd3 5. Qxd3 Nc6 6. Qb5 Bd7 7. Nxe5 Nxe5
8. Qxe5+ Qe7 9. Qxc7 Qxe4+ 10. Be3 Rc8 11. Qg3 Nf6 12. Nc3 Bb4 13. Qxg7 Bxc3+
14. bxc3 Ke7 15. O-O-O Qg6 16. Bc5+ Rxc5 17. Qxh8 Rxc3 18. Rhe1+ Be6 19. Qd8# {
Normal} 1-0

[Event "Rated Blitz game"]
[Site "?"]
[Date "2021.05.15"]
[Round "?"]
[White "di_mochalov"]
[Black "Ldearco"]
[Result "0-1"]
[WhiteElo "2500"]
[BlackElo "2534"]
[PlyCount "52"]
[EventDate "2021.??.??"]
[EventType "blitz"]

1. e4 e5 2. Nf3 d5 3. Nxe5 Qe7 4. d4 dxe4 5. Nc3 Nf6 6. Bg5 Bf5 7. Bc4 Bg6 8.
Nd5 Qd8 9. O-O Be7 10. Nxg6 hxg6 11. Nxe7 Qxe7 12. Re1 Nc6 13. Bb5 Rh5 14.
Bxc6+ bxc6 15. Bxf6 gxf6 16. c3 c5 17. Qa4+ Kf8 18. dxc5 f5 19. Qd4 Rd8 20. Qa4
Qh4 21. h3 Rg5 22. Re3 Rd2 23. Rf1 Qf4 24. Ree1 Qf3 25. g3 Rxg3+ 26. fxg3 Qg2#
{Normal} 0-1

[Event "Rated Blitz game"]
[Site "?"]
[Date "2021.05.15"]
[Round "?"]
[White "Pouya1360"]
[Black "blastol"]
[Result "1-0"]
[WhiteElo "2470"]
[BlackElo "2416"]
[PlyCount "43"]
[EventDate "2021.??.??"]
[EventType "blitz"]

1. e4 e5 2. Nf3 d5 3. exd5 Bd6 4. Nc3 Nf6 5. Bb5+ c6 6. dxc6 bxc6 7. Bc4 e4 8.
Ng5 O-O 9. Qe2 Bf5 10. O-O Bxh2+ 11. Kxh2 Ng4+ 12. Kg1 Qxg5 13. d3 Qh4 14. Bf4
exd3 15. cxd3 Nd7 16. Ne4 Rae8 17. Bg3 Qh6 18. Qf3 Nde5 19. Qxf5 g6 20. Qg5 Qg7
21. Bxe5 Rxe5 22. Qxg4 {Normal} 1-0

[Event "Rated Blitz game"]
[Site "?"]
[Date "2021.05.15"]
[Round "?"]
[White "MRMANiA"]
[Black "KamranShirazi"]
[Result "1-0"]
[WhiteElo "2412"]
[BlackElo "2480"]
[PlyCount "87"]
[EventDate "2021.??.??"]
[EventType "blitz"]

1. e4 e5 2. Nf3 d5 3. exd5 e4 4. Qe2 Nf6 5. d3 Bb4+ 6. c3 O-O 7. dxe4 Bc5 8.
Bg5 c6 9. c4 cxd5 10. cxd5 Re8 11. Nc3 Bb4 12. Qd3 Nxe4 13. Bxd8 Nxc3+ 14. Kd2
Nxd5+ 15. Kc2 Rxd8 16. Rd1 Nc6 17. Qxd5 Rxd5 18. Rxd5 Be1 19. a3 Bxf2 20. Bb5
Be6 21. Bxc6 Rc8 22. Kb1 bxc6 23. Rd2 Be3 24. Re2 Bf4 25. Ka1 Rb8 26. Rc2 Bd5
27. Re1 f6 28. g3 Bd6 29. Nd4 Rb6 30. Nf5 Be5 31. Ne7+ Kf7 32. Nxd5 cxd5 33.
Ka2 Ke6 34. b4 h5 35. Rc7 g5 36. Rxa7 d4 37. Rc7 Rd6 38. Rc2 d3 39. Rd2 Kf5 40.
Red1 Rc6 41. Kb3 Rc3+ 42. Ka4 Ke4 43. b5 Kd4 44. b6 {Time forfeit} 1-0

[Event "Rated Blitz game"]
[Site "?"]
[Date "2021.05.15"]
[Round "?"]
[White "Rumple_DarkOne"]
[Black "hima_saber80"]
[Result "1-0"]
[WhiteElo "2546"]
[BlackElo "2501"]
[PlyCount "125"]
[EventDate "2021.??.??"]
[EventType "blitz"]

1. e4 e5 2. Nf3 d5 3. exd5 e4 4. Qe2 Qe7 5. Nd4 Nf6 6. Nc3 Qe5 7. Ndb5 a6 8. d4
Qe7 9. Na3 b5 10. Naxb5 axb5 11. Qxb5+ Nbd7 12. Bf4 Qb4 13. Bc4 Bd6 14. Qxb4
Bxb4 15. Bxc7 Bb7 16. d6 Rc8 17. Bb5 O-O 18. Ke2 Ra8 19. a4 Ba6 20. Nd1 Ne8 21.
c4 Bxd6 22. Bxd6 Nxd6 23. Bxd7 Nxc4 24. Bb5 Bxb5 25. Nc3 Ba6 26. b4 Bb7 27. b5
Na5 28. Rhc1 Rfc8 29. Na2 f5 30. Nb4 Nc4 31. g3 g5 32. d5 f4 33. gxf4 gxf4 34.
Nc6 f3+ 35. Ke1 e3 36. Rxc4 exf2+ 37. Kxf2 Kh8 38. d6 Rg8 39. d7 Raf8 40. Rg1
Rxg1 41. Kxg1 Kg7 42. Kf2 Kf7 43. d8=Q Rxd8 44. Nxd8+ Ke7 45. Nxb7 Ke6 46. Rf4
Kd5 47. Rxf3 Ke4 48. Rh3 h5 49. Rxh5 Kf4 50. Rh7 Kg4 51. Nd8 Kg5 52. Re7 Kg6
53. Re3 Kf6 54. Rf3+ Kg5 55. Nf7+ Kh4 56. b6 Kh5 57. Ne5 Kh4 58. h3 Kh5 59. b7
Kh4 60. b8=Q Kh5 61. Qf8 Kg5 62. Rg3+ Kh4 63. Qh8# {Normal} 1-0

[Event "Rated Blitz game"]
[Site "?"]
[Date "2021.05.15"]
[Round "?"]
[White "Manu94"]
[Black "KinzyabulatovRenat"]
[Result "1-0"]
[WhiteElo "2455"]
[BlackElo "2436"]
[PlyCount "71"]
[EventDate "2021.??.??"]
[EventType "blitz"]

1. e4 e5 2. Nf3 d5 3. d4 dxe4 4. Nxe5 Bd6 5. Bc4 Bxe5 6. Qh5 Qe7 7. Qxe5 Qxe5
8. dxe5 Nc6 9. Bf4 Nge7 10. Nc3 Ng6 11. Bg3 h5 12. h4 Ngxe5 13. Bb3 Bf5 14.
O-O-O O-O 15. Rhe1 Rfe8 16. Nxe4 Ng4 17. Ng5 Bg6 18. Rxe8+ Rxe8 19. Rd7 Re7 20.
Rxe7 Nxe7 21. Kd2 c5 22. f3 Nf6 23. Bd6 Ned5 24. Bxc5 b6 25. Bd4 Nf4 26. g3
N4d5 27. c4 Nb4 28. c5 b5 29. Bxf6 gxf6 30. Ne4 Kg7 31. a3 Nc6 32. Bd5 Nd4 33.
c6 Nxf3+ 34. Ke3 Ne5 35. c7 Bf5 36. Nd6 {Time forfeit} 1-0

[Event "Rated Blitz game"]
[Site "?"]
[Date "2021.05.15"]
[Round "?"]
[White "Flcosta"]
[Black "hkn967"]
[Result "0-1"]
[WhiteElo "2370"]
[BlackElo "2460"]
[PlyCount "50"]
[EventDate "2021.??.??"]
[EventType "blitz"]

1. e4 e5 2. Nf3 d5 3. Nxe5 Bd6 4. d4 dxe4 5. Nc4 Nf6 6. Ne3 O-O 7. Nc3 Nc6 8.
Bb5 Ne7 9. O-O c6 10. Be2 Qc7 11. h3 Bxh3 12. gxh3 Rae8 13. Nc4 b5 14. Nxd6
Qxd6 15. Kh1 Nf5 16. Be3 b4 17. Na4 Nd5 18. Qd2 Nfxe3 19. fxe3 Qg3 20. Bg4 f5
21. Rg1 Qh4 22. Qe1 Qh6 23. Qg3 fxg4 24. Qxg4 Nxe3 25. Qg3 Rf3 {Normal} 0-1

[Event "Rated Blitz game"]
[Site "?"]
[Date "2021.05.15"]
[Round "?"]
[White "Pussboots"]
[Black "Roberto_Baggio1978"]
[Result "0-1"]
[WhiteElo "2510"]
[BlackElo "2533"]
[PlyCount "112"]
[EventDate "2021.??.??"]
[EventType "blitz"]

1. e4 e5 2. Nf3 d5 3. d4 dxe4 4. Nxe5 Bd6 5. Nc4 Nf6 6. Nc3 O-O 7. Bg5 Re8 8.
Qd2 h6 9. Bh4 Bg4 10. Be2 Bxe2 11. Nxe2 Nc6 12. O-O-O Be7 13. Bg3 Nd5 14. Ne3
Bf6 15. Kb1 a5 16. a3 b5 17. Nxd5 Qxd5 18. Nf4 Qc4 19. d5 Nb4 20. b3 Qc5 21.
Nh5 Bc3 22. Qe3 Qxe3 23. fxe3 Red8 24. Bxc7 Rxd5 25. Nf4 Rc5 26. Bd6 Rc6 27.
Nd5 Nxd5 28. Rxd5 b4 29. Rhd1 bxa3 30. Bxa3 a4 31. Rd8+ Rxd8 32. Rxd8+ Kh7 33.
bxa4 Rb6+ 34. Ka2 Rf6 35. Kb3 Be1 36. Bc5 Rf2 37. a5 Bxa5 38. c4 Rxg2 39. Bd4
Rxh2 40. Rd7 Rf2 41. c5 h5 42. Ra7 Bd8 43. Ra8 Bc7 44. Ra7 Bg3 45. c6 h4 46. c7
Bxc7 47. Rxc7 h3 48. Rc1 g5 49. Kc4 g4 50. Be5 Kg6 51. Kd4 Kf5 52. Bf4 h2 53.
Rc5+ Kg6 54. Rg5+ Kf6 55. Rh5 Rxf4 56. exf4 g3 {Normal} 0-1

[Event "Rated Blitz game"]
[Site "?"]
[Date "2021.05.15"]
[Round "?"]
[White "winx_m"]
[Black "greenbubbl_e"]
[Result "0-1"]
[WhiteElo "2777"]
[BlackElo "2666"]
[PlyCount "42"]
[EventDate "2021.??.??"]
[EventType "blitz"]

1. e4 e5 2. Nf3 d5 3. d4 dxe4 4. Nxe5 Be6 5. Nc3 Bb4 6. Bc4 Bxc3+ 7. bxc3 Bxc4
8. Nxc4 Nf6 9. Ba3 Qd7 10. O-O Qa4 11. Bb4 a5 12. Nb2 Qc6 13. d5 Qxd5 14. Ba3
Nc6 15. Qe2 O-O-O 16. Rfd1 Qh5 17. Qxh5 Nxh5 18. Nc4 f5 19. Kf1 f4 20. f3 e3
21. Ke2 b5 {Normal} 0-1

[Event "Rated Blitz game"]
[Site "?"]
[Date "2021.05.15"]
[Round "?"]
[White "bulbafun83"]
[Black "jsequera"]
[Result "0-1"]
[WhiteElo "2449"]
[BlackElo "2471"]
[PlyCount "44"]
[EventDate "2021.??.??"]
[EventType "blitz"]

1. e4 e5 2. Nf3 d5 3. exd5 e4 4. Qe2 f5 5. d3 Nf6 6. Nbd2 Be7 7. dxe4 fxe4 8.
Nxe4 O-O 9. Nxf6+ Bxf6 10. Qc4 b5 11. Qb3 Re8+ 12. Be3 Na6 13. Bxb5 Rb8 14. Qc4
c6 15. Bxc6 Rb4 16. Qd3 Nc5 17. Qd1 Ba6 18. Bxe8 Qxe8 19. Qd2 Rxb2 20. Rd1 Ne4
21. Qa5 Bc3+ 22. Nd2 Bxa5 {Normal} 0-1

[Event "Rated Blitz game"]
[Site "?"]
[Date "2021.05.15"]
[Round "?"]
[White "forbiddencheapos"]
[Black "Rikoboy"]
[Result "0-1"]
[WhiteElo "2418"]
[BlackElo "2384"]
[PlyCount "68"]
[EventDate "2021.??.??"]
[EventType "blitz"]

1. e4 e5 2. Nf3 d5 3. Nxe5 dxe4 4. d4 exd3 5. Bxd3 Nf6 6. O-O Be7 7. Bc4 O-O 8.
Qxd8 Bxd8 9. Rd1 Nc6 10. Nxc6 bxc6 11. Bf4 Bf5 12. Bb3 a5 13. Nc3 Rb8 14. Na4
h6 15. f3 Rb4 16. Bd2 Rb5 17. c4 Re5 18. Bc3 Re2 19. Bxa5 Rfe8 20. Kf1 Bg6 21.
Rxd8 Rxd8 22. Kxe2 Nh5 23. Bxc7 Rd7 24. Bb8 Rd8 25. Bg3 f5 26. Be5 Re8 27. c5+
Kh7 28. f4 Nxf4+ 29. Kf3 Nd3 30. Bc3 Bh5+ 31. Kg3 Re3+ 32. Kh4 g5+ 33. Kxh5
Rh3+ 34. gxh3 Nf4# {Normal} 0-1

[Event "Rated Blitz game"]
[Site "?"]
[Date "2021.05.15"]
[Round "?"]
[White "the0storm"]
[Black "khalid_ontawar"]
[Result "1-0"]
[WhiteElo "2403"]
[BlackElo "2400"]
[PlyCount "79"]
[EventDate "2021.??.??"]
[EventType "blitz"]

1. e4 e5 2. Nf3 d5 3. exd5 e4 4. Qe2 Nf6 5. Nc3 Bf5 6. Nd4 Bd7 7. Nxe4 Nxe4 8.
Qxe4+ Be7 9. Nf5 Bxf5 10. Qxf5 O-O 11. d4 Bf6 12. Be3 g6 13. Qf3 Nd7 14. Bc4
Nb6 15. Bb3 a5 16. a4 Bg7 17. O-O Qd6 18. Bf4 Qd7 19. Rad1 Rad8 20. c4 Nxa4 21.
Bxa4 Qxa4 22. Bxc7 Rd7 23. b3 Qb4 24. d6 a4 25. bxa4 Qxc4 26. Qxb7 Bxd4 27. a5
Be5 28. a6 Qh4 29. g3 Qa4 30. a7 h5 31. Rd5 f6 32. Qb6 h4 33. Ra5 Qe4 34. Qe3
Qa8 35. Rd1 hxg3 36. hxg3 Re8 37. Qd3 Kg7 38. Rb1 Qc6 39. Qa3 Bd4 40. a8=Q {
Time forfeit} 1-0

[Event "Rated Blitz game"]
[Site "?"]
[Date "2021.05.15"]
[Round "?"]
[White "ath441"]
[Black "Roberto_Baggio1978"]
[Result "1/2-1/2"]
[WhiteElo "2552"]
[BlackElo "2532"]
[PlyCount "146"]
[EventDate "2021.??.??"]
[EventType "blitz"]

1. e4 e5 2. Nf3 d5 3. exd5 e4 4. Nd4 Qxd5 5. Nb3 Nf6 6. Nc3 Qf5 7. d3 Bb4 8.
Be2 O-O 9. O-O Nc6 10. dxe4 Nxe4 11. Nxe4 Qxe4 12. Bf3 Qh4 13. c3 Bd6 14. g3
Qf6 15. Nd2 Bh3 16. Re1 Rad8 17. Ne4 Qg6 18. Nxd6 Rxd6 19. Qa4 Qf6 20. Qf4 h6
21. Be3 Rfd8 22. Qxf6 Rxf6 23. Be4 Rfd6 24. Bf4 R6d7 25. Bf3 g5 26. Be3 Ne5 27.
Be2 Nd3 28. Bxd3 Rxd3 29. Bd4 b6 30. b4 c5 31. bxc5 bxc5 32. Bxc5 Rxc3 33. Bxa7
Rc2 34. a4 Bc8 35. Bb6 Rdd2 36. a5 Ba6 37. Rac1 h5 38. Rxc2 Rxc2 39. f4 gxf4
40. gxf4 h4 41. Re8+ Kh7 42. f5 Kh6 43. Be3+ Kg7 44. Bd4+ Kh6 45. Bf6 Rc8 46.
Rxc8 Bxc8 47. Bxh4 Bxf5 48. a6 Bc8 49. a7 Bb7 50. Kf2 Kh5 51. Bd8 Kg4 52. Bb6
f5 53. Bc7 f4 54. Ke2 Ba8 55. Kd3 Bb7 56. Kc4 f3 57. Bg3 Kh3 58. Kc5 f2 59.
Bxf2 Kxh2 60. Kb6 Ba8 61. Kc7 Kg2 62. Kb8 Bf3 63. Bb6 Be4 64. Bc7 Bf3 65. Be5
Be4 66. Bh8 Bf3 67. Bg7 Be4 68. Bb2 Bf3 69. Bc1 Be4 70. Bf4 Bf3 71. Be5 Kh3 72.
a8=Q Kg4 73. Qxf3+ Kxf3 {Normal} 1/2-1/2

[Event "Rated Rapid game"]
[Site "?"]
[Date "2021.05.15"]
[Round "?"]
[White "Nurgali1978"]
[Black "Delyvj"]
[Result "0-1"]
[WhiteElo "2398"]
[BlackElo "2432"]
[PlyCount "48"]
[EventDate "2021.??.??"]
[EventType "rapid"]

1. e4 e5 2. Nf3 d5 3. exd5 e4 4. Qe2 f5 5. c4 c6 6. dxc6 Nxc6 7. d3 Nf6 8. Nc3
Bb4 9. Nd2 Bxc3 10. bxc3 O-O 11. dxe4 fxe4 12. Nxe4 Nxe4 13. Be3 Bf5 14. f3
Nxc3 15. Qd2 Qxd2+ 16. Bxd2 Rfe8+ 17. Kf2 Na4 18. Be2 Nc5 19. Be3 b6 20. Rhd1
Rad8 21. Rd5 Be6 22. Rxd8 Rxd8 23. Rd1 Rxd1 24. Bxd1 Na5 {Normal} 0-1

[Event "Rated Blitz tournament 0NLIz0Dj"]
[Site "?"]
[Date "2021.05.15"]
[Round "?"]
[White "AK-CMC"]
[Black "arrashii"]
[Result "1-0"]
[WhiteElo "2402"]
[BlackElo "2247"]
[PlyCount "65"]
[EventDate "2021.??.??"]
[EventType "blitz"]

1. e4 e5 2. Nf3 d5 3. Nxe5 dxe4 4. d4 Be6 5. Nc3 Nf6 6. Bg5 Bb4 7. Be2 h6 8.
Bh4 c5 9. O-O g5 10. Bg3 cxd4 11. Bb5+ Kf8 12. Ne2 Bc5 13. Bc4 Bxc4 14. Nxc4
Nc6 15. a3 h5 16. b4 b5 17. Ne5 Nxe5 18. Bxe5 Be7 19. Bxd4 Rh6 20. Ng3 Qc8 21.
Qe2 Qe6 22. Qxb5 h4 23. Nf5 Rh5 24. Nxe7 g4 25. Qb7 Re8 26. Nc6 Nd5 27. Bc5+
Kg7 28. Nd4 Qe5 29. Qd7 Rg5 30. Rad1 Nf4 31. Nc6 Qe6 32. Bd4+ Kg8 33. Ne7+ {
Time forfeit} 1-0

[Event "Rated Blitz game"]
[Site "?"]
[Date "2021.05.15"]
[Round "?"]
[White "ViktorStoyanov"]
[Black "anjaya01"]
[Result "0-1"]
[WhiteElo "2518"]
[BlackElo "2412"]
[PlyCount "50"]
[EventDate "2021.??.??"]
[EventType "blitz"]

1. e4 e5 2. Nf3 d5 3. Qe2 Bd6 4. exd5 Nf6 5. Nxe5 O-O 6. d4 Nbd7 7. Nxd7 Bxd7
8. c4 Re8 9. Be3 b5 10. c5 Bf4 11. Qf3 Bxe3 12. fxe3 Bg4 13. Qg3 Qxd5 14. Nc3
Qg5 15. Kf2 b4 16. h3 bxc3 17. Qf4 Qxf4+ 18. exf4 cxb2 19. Rb1 Ne4+ 20. Kg1
Rab8 21. hxg4 Nc3 22. Bd3 Nxb1 23. Bxb1 Re1+ 24. Kh2 Rxh1+ 25. Kxh1 Rd8 {Normal
} 0-1

[Event "Rated Blitz tournament t6f4z1sj"]
[Site "?"]
[Date "2021.05.15"]
[Round "?"]
[White "Kartapoux"]
[Black "lavilaine"]
[Result "0-1"]
[WhiteElo "2447"]
[BlackElo "2236"]
[PlyCount "56"]
[EventDate "2021.??.??"]
[EventType "blitz"]

1. e4 e5 2. Nf3 d5 3. Nxe5 Qe7 4. d4 f6 5. Nf3 dxe4 6. Nfd2 f5 7. Bc4 Nf6 8.
O-O Be6 9. Nc3 Bxc4 10. Nxc4 Nc6 11. Bf4 O-O-O 12. d5 Qc5 13. b3 Nxd5 14. Nxd5
Rxd5 15. Qh5 Bd6 16. Bxd6 cxd6 17. Qf7 Ne5 18. Qxg7 Re8 19. Nxe5 Rdxe5 20. c4
Kb8 21. Qxh7 f4 22. Rad1 e3 23. fxe3 fxe3 24. Rde1 e2+ 25. Rf2 Rf8 26. Qh4 Rh5
27. Qg3 Rg5 28. Qh4 Rg4 {Normal} 0-1

[Event "Rated Blitz game"]
[Site "?"]
[Date "2021.05.15"]
[Round "?"]
[White "JUGO-BOSS"]
[Black "anjaya01"]
[Result "1-0"]
[WhiteElo "2356"]
[BlackElo "2414"]
[PlyCount "65"]
[EventDate "2021.??.??"]
[EventType "blitz"]

1. e4 e5 2. Nf3 d5 3. exd5 Bd6 4. d4 e4 5. Nfd2 f5 6. c4 b6 7. Nc3 Nd7 8. Be2
Qh4 9. g3 Qh3 10. Bf1 Qh6 11. Ndxe4 Qg6 12. Nxd6+ cxd6 13. Qe2+ Kf7 14. Bg2
Ndf6 15. O-O h5 16. h4 Bd7 17. Bf4 Re8 18. Qc2 Ng4 19. b4 N8f6 20. c5 bxc5 21.
bxc5 dxc5 22. dxc5 Ne4 23. c6 Bc8 24. Nxe4 fxe4 25. d6 Qf5 26. Rae1 Nf6 27. d7
Bxd7 28. cxd7 Qxd7 29. Bxe4 Re7 30. Bg6+ Kf8 31. Rxe7 Qxe7 32. Qc8+ Ne8 33. Bd6
{Normal} 1-0

[Event "Rated Blitz game"]
[Site "?"]
[Date "2021.05.15"]
[Round "?"]
[White "cyrilortega62"]
[Black "greenbubbl_e"]
[Result "0-1"]
[WhiteElo "2542"]
[BlackElo "2683"]
[PlyCount "38"]
[EventDate "2021.??.??"]
[EventType "blitz"]

1. e4 e5 2. Nf3 d5 3. exd5 e4 4. Ne5 Qxd5 5. d4 exd3 6. Nxd3 Nf6 7. Nc3 Qf5 8.
Be2 Bd6 9. Be3 Nc6 10. Qd2 Be6 11. h3 O-O-O 12. g4 Qa5 13. g5 Nd5 14. Nxd5 Qxd5
15. Rg1 Bh2 16. Rg4 Bxg4 17. Bxg4+ Kb8 18. Be2 Nd4 19. a3 Qh1+ {Normal} 0-1